000 01050cab a2200337 4500
001 ABS56162
008 090401t1996 xxu||||| |||| 00| 0 eng d
035 _a(Sirsi) u21662
041 _aeng
100 _aLambert, P.
245 _aReinforced concrete repair reviewed
260 _c1996
350 _a0
490 _aHighways
_v64(5) October 1996, 14-16(3)
520 _aLooks at a number of methods for treating corrosion in reinforced concrete structures, including Cathodic protection, re-alkalization, chloride extraction, and protective coatings.
650 _aCATHODIC PROTECTION
650 _aCHLORIDE EXTRACTION
650 _aCORROSION INHIBITORS
650 _aCORROSION
650 _aPROTECTIVE COATINGS
650 _aRE-ALKALISATION
650 _aREINFORCED CONCRETE
650 _aREMEDIAL METHODS
650 _aREPAIRS
650 _aSILANE TREATMENT
650 _aSILOXANE TREATMENT
650 _aSTRUCTURES
690 _aBUILDING AND CONSTRUCTION-DEFECTS AND FAILURES
942 _n0
948 _c04/03/1997
999 _c14528
_d14528